[Event "Legislatura Portena Open 2019"]
[Site "Buenos Aires"]
[Date "2019.03.21"]
[Round "2.10"]
[White "Perez, Maximiliano"]
[Black "Cheb Terrab, Alejandro"]
[Result "1-0"]
[WhiteElo "2418"]
[BlackElo "2021"]
[Annotator "TA"]
[PlyCount "71"]
[EventDate "2019.03.20"]
[EventType "swiss"]
[EventCountry "ARG"]
[SourceTitle "playchess.com"]
[Source "ChessBase"]
[SourceQuality "1"]

{[%evp 19,71,63,79,85,102,81,100,87,104,68,70,79,105,92,107,81,90,57,73,83,71,43,52,12,15,0,0,-54,-32,-56,-32,-69,186,49,104,104,120,116,118,120,112,124,169,177,940,935,898,890,1017,602,1421,1168,1120,1068]} 1. e4 c5 2. Nf3 g6 3. d4 cxd4 4. Nxd4 Bg7 5. c4 Nc6 6. Be3 d6 7. Nc3 Nf6 8. Be2 O-O 9. O-O Bd7 10. Nc2 Qc8 11. f3 {B38: Sicilian: Maroczy Bind with 5...Bg7 and 7...0-0} Ne5 (11... Rd8 12. Rc1 Be8 13. Qd2 Ne5 14. Nd4 e6 15. b3 a6 16. Rfd1 Qb8 17. Bg5 Rc8 18. f4 Ned7 {1-0 (54) Der Manuelian,H (2269)-Nikcevic,N (2424) Djenovici 2018}) 12. Na3 Ne8 $146 ({Predecessor:} 12... Re8 13. Rc1 b6 14. Qd2 Qb7 15. h3 Rad8 16. f4 Nc6 17. Bf3 e5 18. Nab5 {½-½ (63) Markantonaki,H (2160)-Iordanidou,Z (2104) Athens 2014}) 13. Rc1 {White is better.} Qd8 14. f4 Nc6 15. Qd2 b6 16. Nc2 Bc8 17. f5 Bb7 18. Bh6 Ne5 19. Bxg7 Kxg7 20. Rf4 g5 21. Rf2 h6 22. h4 g4 $1 23. f6+ (23. Nd4 $11 Nf6 24. Nd5) 23... Nxf6 $15 24. Nd4 Bc8 $1 25. Rcf1 Ng6 $2 {[%mdl 8192] [#]} (25... Nh5 $1 $15 {stays ahead.} 26. Qe3 e6) 26. g3 (26. Rxf6 $18 exf6 27. Nd5) 26... Nh5 (26... Ng8 $1 $14) 27. Qe3 $36 {[%mdl 2048] Black is under strong pressure.} ({Not} 27. Nc6 $2 Qe8 $17) 27... Ne5 28. Rf5 Nf6 {[#]} 29. Rxf6 $1 exf6 30. Nd5 f5 31. exf5 Kh7 $2 (31... Rh8) 32. f6 $18 {White is clearly winning.} Rg8 33. Ne7 Rg6 34. Nxg6 Nxg6 35. h5 Ne5 36. Qe4+ {[%mdl 64] Double Attack. Accuracy: White = 41%, Black = 27%.} 1-0

[Event "Legislatura Portena Open 2019"]
[Site "Buenos Aires"]
[Date "2019.03.22"]
[Round "3.1"]
[White "Tristan, Leonardo"]
[Black "Hernandez Amura, Gilberto"]
[Result "1-0"]
[WhiteElo "2504"]
[BlackElo "2195"]
[Annotator "TA"]
[PlyCount "57"]
[EventDate "2019.03.20"]
[EventType "swiss"]
[EventCountry "ARG"]
[SourceTitle "playchess.com"]
[Source "ChessBase"]
[SourceQuality "1"]

{[%evp 9,57,31,35,33,33,37,54,49,58,46,60,24,38,46,66,66,77,77,68,68,81,68,94,28,36,22,27,22,23,31,31,23,40,24,47,28,96,98,104,91,820,810,900,446,439,435,420,418,29992,29993]} 1. e4 c5 2. Nc3 Nc6 3. Bb5 g6 4. Bxc6 dxc6 5. f4 Bg7 6. Nf3 {B23: Closed Sicilian: Lines without g3} Nf6 7. O-O Nd7 8. d3 {White is slightly better.} Nf8 9. Qe1 Ne6 10. f5 Nd4 11. Nxd4 Bxd4+ $146 ({Predecessor:} 11... cxd4 12. Ne2 e6 13. f6 {1-0 (58) Smith,B (2466)-Vasovski,N (2308) Skopje 2011}) 12. Kh1 Qd6 13. Bf4 Be5 14. Qg3 Bxf4 15. Rxf4 Bd7 16. Re1 (16. e5 $16 Qxe5 17. Re1) 16... Qe5 $11 17. fxg6 hxg6 18. Rh4 Qf6 19. Rxh8+ Qxh8 20. Qc7 b5 21. e5 $40 {[%mdl 128] And now e6! would win. White is up to no good.} Qh4 {[%cal Rh4e1]} 22. Rf1 {Threatens to win with Ne4.} Qg4 (22... Rc8 $11 {remains equal.} 23. Qxa7 Qd4) 23. h3 $16 Qe6 24. Ne4 c4 $2 {[%mdl 8192]} (24... Rc8 $16 25. Qxa7 Qxe5) 25. Ng5 $1 $18 {[%csl LRe6,LRf7][%mdl 64] [#] Double Attack} Qd5 26. dxc4 (26. Rxf7 $142 Rc8 {[#]} 27. Rh7 $1 {[%mdl 512]}) 26... Qxc4 27. Rxf7 ({Not} 27. Rd1 Be6 $11) 27... Rc8 28. Qxa7 Qe2 (28... Qd5 $18 29. Qe3 Bf5) 29. Qc5 {Accuracy: White = 60%, Black = 48%.} 1-0

[Event "Legislatura Portena Open 2019"]
[Site "Buenos Aires"]
[Date "2019.03.22"]
[Round "3.2"]
[White "Perez, Andres Eloy"]
[Black "Alonso, Salvador"]
[Result "0-1"]
[WhiteElo "2182"]
[BlackElo "2497"]
[Annotator "TA"]
[PlyCount "72"]
[EventDate "2019.03.20"]
[EventType "swiss"]
[EventCountry "ARG"]
[SourceTitle "playchess.com"]
[Source "ChessBase"]
[SourceQuality "1"]

{[%evp 13,72,2,16,6,29,21,8,-7,-7,-7,-7,0,0,-8,0,0,0,0,0,-23,-7,-130,-127,-119,-107,-156,-166,-170,-174,-166,-161,-246,-245,-240,-234,-230,-222,-281,-280,-331,-290,-422,-419,-412,-414,-425,-416,-391,-401,-450,-455,-460,-454,-510,-508,-695,-690,-672,-647,-775,-750]} 1. e4 c5 2. c3 d5 3. exd5 Qxd5 4. d4 Nf6 5. Nf3 e6 6. Be3 cxd4 7. cxd4 Bb4+ 8. Nc3 {B22: Sicilian: 2 c3} O-O 9. Bd3 (9. Be2 Nc6 10. O-O Qd8 11. Qb3 {½-½ (11) Yudin,S (2526)-Fier,A (2558) Almaty 2018}) 9... b6 10. Qe2 {The position is equal.} Bb7 11. O-O Qh5 12. Ne5 Qxe2 13. Bxe2 Nbd7 14. Rac1 $146 ({Predecessor:} 14. Rfd1 Rfd8 15. Bg5 Rac8 {0-1 (26) Boyard,M (1996)-Milliet,S (2387) Fort de France 2012}) 14... Rac8 15. Rfd1 Rfd8 16. Bg5 h6 17. Bh4 {[#]} (17. Be3 $11 {keeps the balance.}) 17... Nxe5 $1 $17 18. dxe5 Rxd1+ {[%mdl 64] Overworked Piece} 19. Rxd1 Bxc3 20. bxc3 {[#]} Nd5 $1 $36 {[%cal Rd5c3][%mdl 2048] White is under strong pressure.} 21. Bf3 Rxc3 22. Be7 (22. Bg3 $142) 22... Nxe7 $19 23. Bxb7 {[%mdl 4096] Endgame KRB-KRN} g5 24. Be4 Nc6 25. g3 Nxe5 26. f4 Ng4 27. Rd7 (27. Bd3 {was worth a try.}) 27... Nf6 28. Rd8+ Kg7 29. Bd3 gxf4 30. gxf4 Nd5 31. Bb5 Nxf4 {Black is clearly winning.} 32. Rd7 Ra3 33. Rc7 Ng6 34. Bc4 Rc3 35. Rc8 Ne7 36. Rc7 Nd5 {Accuracy: White = 31%, Black = 82%.} 0-1

[Event "Legislatura Portena Open 2019"]
[Site "Buenos Aires"]
[Date "2019.03.22"]
[Round "3.3"]
[White "Cuberli, Emiliano"]
[Black "Villanueva, Mario"]
[Result "0-1"]
[WhiteElo "2174"]
[BlackElo "2482"]
[Annotator "TA"]
[PlyCount "36"]
[EventDate "2019.03.20"]
[EventType "swiss"]
[EventCountry "ARG"]
[SourceTitle "playchess.com"]
[Source "ChessBase"]
[SourceQuality "1"]

{[%evp 9,36,-35,-30,-29,-27,-31,-30,-40,-14,-24,-22,-25,0,0,0,0,22,2,5,5,2,-41,-35,-25,-29,-30,-31,-235,-231]} 1. b3 e5 2. Bb2 Nc6 3. e3 g6 4. Bb5 Nge7 5. f4 (5. d4 exd4 6. Bxd4 Nxd4 7. Qxd4 Rg8 8. Qd2 c6 9. Bd3 Bg7 10. c3 d5 11. Ne2 Bf5 12. O-O {½-½ (72) Mamedyarov,S (2799)-Le,Q (2737) Huaian 2017}) 5... Bg7 6. Nf3 {[%cal Rf4e5] A01: Nimzowitsch-Larsen Opening} d6 7. O-O O-O 8. fxe5 {Black has an edge.} Bg4 {[%cal Rc6e5]} 9. Be2 dxe5 10. Nc3 Qd7 $146 ({Predecessor:} 10... e4 11. Ng5 Bxe2 12. Qxe2 Bxc3 13. Bxc3 Qd5 14. Qg4 f5 15. Qh4 h5 16. Nh3 Ne5 17. Qxe7 {1-0 (17) Mustafin,A (2262)-Alivodic,D (1873) Mamaia 2017}) 11. Ng5 Bxe2 12. Qxe2 Nd8 13. Rf2 h6 14. Nge4 f5 15. Qc4+ Qe6 {Strongly threatening ...Qxc4.} 16. Nc5 Qxc4 17. bxc4 b6 18. Nd7 $2 {[#]} (18. Na6 $15) 18... Rf7 {Accuracy: White = 51%, Black = 64%.} 0-1

[Event "Legislatura Portena Open 2019"]
[Site "Buenos Aires"]
[Date "2019.03.22"]
[Round "3.4"]
[White "Acosta, Pablo Ismael"]
[Black "Ferrara, Enzo"]
[Result "1-0"]
[WhiteElo "2467"]
[BlackElo "2189"]
[Annotator "TA"]
[PlyCount "63"]
[EventDate "2019.03.20"]
[EventType "swiss"]
[EventCountry "ARG"]
[SourceTitle "playchess.com"]
[Source "ChessBase"]
[SourceQuality "1"]

{[%evp 15,63,16,13,-34,42,35,59,44,66,49,88,99,108,68,59,44,85,60,73,81,125,125,177,48,68,-12,102,104,207,201,193,201,193,187,268,229,212,232,278,302,296,304,337,338,331,325,340,328,331,314]} 1. c4 f5 2. g3 Nf6 3. Bg2 g6 4. Nc3 Bg7 5. d3 d6 6. e4 c6 7. Nge2 O-O 8. O-O e5 9. Qb3 {A21: English Opening: 1...e5 2 Nc3} (9. exf5 Bxf5 10. h3 h5 11. Bg5 Na6 12. Qd2 Qd7 13. Kh2 Rae8 14. Rad1 Nc5 15. Qe3 Ne6 16. Bxf6 Bxf6 17. Ne4 {½-½ (45) Carlsen,M (2832)-Guseinov,G (2645) chess.com INT 2017}) 9... Kh8 ({Better is} 9... Na6 $15) 10. exf5 $146 ({Predecessor:} 10. Be3 Ng4 11. Bd2 Nd7 12. h3 Ngf6 13. Rad1 Nh5 14. exf5 Nc5 15. Qc2 gxf5 16. Bf3 Qe8 {1-0 (37) Vovk,O (2077)-Tretvold,M Copenhagen 2002}) 10... gxf5 11. d4 {White is slightly better.} Qb6 12. Rd1 Qxb3 13. axb3 Na6 14. dxe5 dxe5 15. h3 e4 16. Nf4 $36 {[%mdl 2048] White fights for an advantage.} Re8 17. Be3 Nd7 18. Ra5 Be5 {[#]} (18... Nf6 $16 {keeps fighting.} 19. Rd6 Nc7) 19. Rda1 ({White should try} 19. Nh5 $1 $18) 19... Kg8 20. g4 (20. Bf1 $14) 20... Nf8 (20... Ndc5 $1 $11 {keeps the balance.}) 21. Nh5 $16 Kf7 (21... Ng6 $16 {was called for.}) 22. gxf5 $18 Bxf5 23. Ng3 Bg6 24. Ngxe4 Bc7 (24... Kg8 $142 25. h4 Rad8 26. Bxa7 Bxe4) 25. Rxa6 bxa6 26. Ng5+ {[%mdl 64] [#] Discovered Attack} Kf6 {Threatening ...Rxe3.} 27. Bxc6 {[%mdl 64] Double Attack. White has a decisive advantage.} Rxe3 28. fxe3 Rb8 29. Nf3 ({And not} 29. Rxa6 Kxg5 30. Rxa7 Ne6 $15) 29... Bb6 30. Nd5+ Ke6 31. Rxa6 Kd6 32. Nxb6 {Accuracy: White = 59%, Black = 26%.} 1-0

[Event "Legislatura Portena Open 2019"]
[Site "Buenos Aires"]
[Date "2019.03.22"]
[Round "3.5"]
[White "Sarquis, Maria Belen"]
[Black "Slipak, Sergio"]
[Result "0-1"]
[WhiteElo "2141"]
[BlackElo "2427"]
[Annotator "TA"]
[PlyCount "42"]
[EventDate "2019.03.20"]
[EventType "swiss"]
[EventCountry "ARG"]
[SourceTitle "playchess.com"]
[Source "ChessBase"]
[SourceQuality "1"]

{[%evp 19,42,23,7,-29,-25,-91,-28,-113,-64,-47,-36,-87,-42,-46,-60,-62,0,0,0,-141,-133,-139,-138,-137,-121]} 1. e4 c6 2. Nc3 d5 3. Nf3 Bg4 4. h3 Bh5 5. exd5 cxd5 6. Bb5+ Nc6 7. g4 Bg6 8. Ne5 Rc8 9. d4 e6 10. Qe2 Bd6 11. Bf4 {B11: Caro-Kann: Two Knights Variation} (11. Nxg6 hxg6 12. Nxd5 Kf8 13. Bxc6 Rxc6 14. Ne3 Nf6 15. c3 Bb8 16. Qf3 e5 17. dxe5 Nd7 18. Qd5 Qe8 {0-1 (46) Venkatesh,M (2517)-Ding,L (2679) Ho Chi Minh City 2012}) 11... Nge7 12. h4 (12. Nxg6 $11 Nxg6 13. Bxd6 Qxd6 14. O-O-O) 12... h5 (12... Bxe5 $17 13. Bxe5 O-O) 13. f3 $146 (13. Nxg6 $11 Nxg6 14. Bg5) ({Predecessor:} 13. Nxg6 Nxg6 14. Bxd6 Qxd6 15. gxh5 Nf4 16. Qg4 Nxh5 17. Rg1 g6 {0-1 (30) Hurney,K (2058)-Eden,T (2188) England 2011}) 13... Kf8 14. Bxc6 bxc6 (14... Bxe5 $5 15. Qxe5 Nxc6 16. Qd6+ Kg8 17. Qxd8+ Nxd8 $15) 15. Qh2 (15. O-O-O $15) 15... Bb4 16. a3 Bxc3+ 17. bxc3 Qa5 (17... Kg8 $15) 18. Kd2 $11 Kg8 {And now ...hxg4 would win.} 19. Nd7 {[#]} (19. Bg5 $11 {remains equal.} Qa4 20. Rac1) 19... c5 $1 $17 {[%cal Rc5d4][%mdl 512] Black is clearly better.} 20. Nxc5 (20. dxc5 Qa4) 20... Rxc5 21. dxc5 d4 $1 {Accuracy: White = 31%, Black = 35%.} 0-1

[Event "Legislatura Portena Open 2019"]
[Site "Buenos Aires"]
[Date "2019.03.22"]
[Round "3.6"]
[White "Saldano Dayer, Horacio"]
[Black "Capparelli, Damian"]
[Result "1-0"]
[WhiteElo "2422"]
[BlackElo "2182"]
[Annotator "TA"]
[PlyCount "51"]
[EventDate "2019.03.20"]
[EventType "swiss"]
[EventCountry "ARG"]
[SourceTitle "playchess.com"]
[Source "ChessBase"]
[SourceQuality "1"]

{[%evp 9,51,13,8,-2,0,-10,18,10,41,20,33,8,38,43,56,53,60,52,54,37,106,106,88,89,132,126,133,134,142,157,172,123,168,147,162,149,189,182,228,241,392,389,535,535]} 1. Nf3 d5 2. c4 e6 3. g3 Nf6 4. Bg2 Be7 5. O-O O-O 6. Ne5 {A14: English Opening: 1...e6 with b3 by White} (6. b3 c5 7. Bb2 Nc6 8. e3 b6 9. Nc3 dxc4 10. bxc4 Bb7 11. Qe2 Rc8 12. Rad1 Qc7 13. Ne1 Ne8 14. f4 Nd6 15. Nf3 a6 16. a4 f5 17. d3 Bf6 18. h3 Nb4 19. g4 g6 {1-0 (31) Artemiev,V (2709)-Nakamura,H (2749) Caleta 2019}) 6... c5 7. cxd5 Nxd5 (7... exd5 {seems wilder.} 8. e3 Re8 9. Nc3 d4 10. Ne4 Nfd7) 8. Nc3 {The position is equal.} Qc7 $146 (8... Bf6 {is interesting.} 9. Ng4 Be7 10. d3 Nc6 11. f4 Rb8) ({Predecessor:} 8... Bf6 9. Ng4 Be7 10. Qb3 Nc6 11. d3 Nd4 12. Qd1 Bd7 13. Ne5 Be8 14. Nxd5 exd5 {0-1 (32) Dragicevic,D (2351)-Turner,M (2538) Lund 2017}) 9. Nxd5 exd5 10. Nd3 Be6 11. Nf4 Rd8 12. e4 dxe4 13. Nxe6 fxe6 14. Qg4 Nc6 ({Black should try} 14... Qd7 $14) 15. Qxe6+ $16 ({But not} 15. Bxe4 Qd7 $14) 15... Kh8 16. Bxe4 Rd6 17. Qf5 {[%csl Ge4][%cal Rf5h7] [#]} Rh6 18. d3 Rf8 19. Qg4 $40 {[%mdl 128] White has strong attack.} Ne5 20. Qe2 Re6 21. Be3 b6 22. f4 Nc6 {[#]} 23. f5 $1 {[%cal Rf5e6]} Re5 24. Bf4 Bf6 $2 (24... Bd6 {was necessary.} 25. Bxe5 Bxe5) 25. Bxc6 $18 Qxc6 26. Bxe5 {Accuracy: White = 77%, Black = 29%.} 1-0

[Event "Legislatura Portena Open 2019"]
[Site "Buenos Aires"]
[Date "2019.03.22"]
[Round "3.7"]
[White "Alarcon Careaga, Gustavo"]
[Black "Perez, Maximiliano"]
[Result "0-1"]
[WhiteElo "2138"]
[BlackElo "2418"]
[Annotator "TA"]
[PlyCount "100"]
[EventDate "2019.03.20"]
[EventType "swiss"]
[EventCountry "ARG"]
[SourceTitle "playchess.com"]
[Source "ChessBase"]
[SourceQuality "1"]

{[%evp 9,100,-43,-19,-16,-13,-25,-25,-16,-13,-23,0,-71,-56,-61,-53,-54,-67,-59,-66,-66,-62,-81,-20,-106,-97,-111,-90,-170,-170,-173,-59,-63,-59,-66,-60,-47,-48,-67,-25,-25,-14,-47,-49,-33,-31,-86,-79,-77,56,41,51,-17,-11,-33,-28,-21,-32,-18,-15,-26,-12,-26,-34,-48,-20,-25,-35,-28,-39,-11,-14,-17,-8,-8,-8,-8,-8,-8,-8,-8,-8,-38,-38,-5527,-5405,-5181,-2396,-29955,-1789,-1789,-1779,-29982,-29983]} 1. g4 d5 2. h3 e5 3. Bg2 c6 4. d4 e4 5. c4 Na6 (5... f5 6. Nc3 Bb4 7. Qb3 Bxc3+ 8. bxc3 Nf6 9. Ba3 Be6 10. Qxb7 Nbd7 11. Qxc6 Kf7 12. gxf5 Bxf5 13. cxd5 {0-1 (33) Vovk,O (2353)-Kuzubov,Y (2637) Lvov 2017}) 6. Nc3 {A00: Irregular Openings} Bb4 $146 ({Predecessor:} 6... Nc7 7. f3 f5 8. cxd5 cxd5 9. Qb3 Bd6 10. Kf1 Ne7 11. g5 Rb8 12. h4 b5 13. Nh3 {½-½ (61) Basman,M (2390)-King,D (2435) Brighton/ East Sussex 1984}) 7. Bf4 Ne7 8. e3 {Black has an edge.} Ng6 9. Nge2 Nh4 10. Rg1 (10. Kf1 $11 {remains equal.}) 10... Nf3+ ({Of course not} 10... Nxg2+ $6 11. Rxg2 dxc4 12. a3 $11) 11. Bxf3 exf3 12. Nc1 $1 Qa5 $36 {[%mdl 2048] Black has some pressure.} 13. Kd2 dxc4 14. Qxf3 Be6 15. N1e2 $1 O-O (15... Rd8 $17) 16. Ke1 (16. a3 $11 Be7 17. Rad1) 16... Be7 $17 17. Kf1 Nb4 18. Ng3 (18. Rb1 $17) 18... Nd3 $19 19. e4 Nxf4 ({Better is} 19... Rfd8 $19 20. Nge2 b5) 20. Qxf4 $15 Bg5 21. Qf3 $1 Rad8 22. Rd1 Qb6 23. Nge2 $1 Qc7 24. Qg3 Qxg3 25. Rxg3 (25. Nxg3 {seems wilder.} Rfe8 26. Kg2 g6 27. Nge2 b5 28. f4) 25... b5 26. f4 Be7 27. f5 ({White should play} 27. d5 $15) 27... Bc8 $1 $17 28. e5 f6 (28... Rfe8 $17) 29. e6 $14 Bb7 30. Re3 (30. Ke1 $14) 30... b4 $11 31. Ne4 c5 $1 32. Nxc5 Bxc5 {[%mdl 64] Pin} 33. e7 Bxe7 $1 34. Rxe7 Rf7 35. Rxf7 Kxf7 {[%mdl 4096] Endgame KRB-KRN} 36. Kf2 g6 37. fxg6+ hxg6 38. a3 a5 39. axb4 axb4 40. Ra1 Ra8 41. Rxa8 Bxa8 {KB-KN} 42. h4 $1 Bd5 {Threatens to win with ...c3!} 43. Ke3 g5 44. hxg5 $1 fxg5 {With the idea ...Be6.} 45. Ng3 Ke6 46. Nf5 $2 {[%mdl 8192]} (46. Kd2 $15) 46... c3 $19 47. bxc3 {[#]} b3 $1 {[%cal Rb3b2]} 48. Kd2 {[#]} Be4 $1 49. d5+ Kd7 50. Kc1 Bxf5 {Accuracy: White = 48%, Black = 65%.} 0-1

[Event "Legislatura Portena Open 2019"]
[Site "Buenos Aires"]
[Date "2019.03.22"]
[Round "3.8"]
[White "Garcia Palermo, Carlos"]
[Black "Sasson, Maximiliano"]
[Result "1-0"]
[WhiteElo "2407"]
[BlackElo "2118"]
[Annotator "TA"]
[PlyCount "35"]
[EventDate "2019.03.20"]
[EventType "swiss"]
[EventCountry "ARG"]
[SourceTitle "playchess.com"]
[Source "ChessBase"]
[SourceQuality "1"]

{[%evp 19,35,16,26,27,58,52,134,129,240,203,341,347,343,345,601,595,901,905]} 1. d4 Nf6 2. c4 g6 3. Nc3 d5 4. cxd5 Nxd5 5. e4 Nxc3 6. bxc3 Bg7 7. Bc4 c5 8. Ne2 O-O 9. Be3 Nc6 10. Rc1 Qc7 11. h4 {D87: Exchange Grünfeld: Classical Line: Variations without ...cxd4} Na5 (11... Rd8 12. h5 b5 13. Bd5 e6 14. Bxc6 Qxc6 15. hxg6 fxg6 16. f3 a5 17. Kf2 Ba6 18. Qg1 b4 {0-1 (45) Fedoseev,V (2664)-Wei,Y (2724) Ningbo 2015}) 12. Bd3 f5 {[#]} (12... h5 $14) 13. e5 $1 $16 {White is clearly better.} Be6 $146 {[#]} (13... Rd8 $16 {is a better defense.}) ({Predecessor:} 13... Rd8 14. h5 c4 15. Bb1 Bxe5 16. hxg6 hxg6 17. Rh6 Qc6 18. Nf4 Bxf4 19. Bxf4 Qxg2 {1-0 (31) Durarbayli,V (2597)-Tate,A (2264) Legnica 2013}) 14. h5 $1 $18 {Threatens to win with hxg6.} Bxa2 (14... Nc4 $142 15. Nf4 Nb2) 15. hxg6 hxg6 16. Nf4 Qc6 $2 (16... Qb6 17. dxc5 Qc6) 17. Qe2 Bd5 {and the idea ...c4 leaves Black hopeful.} 18. Bb5 1-0

[Event "Legislatura Portena Open 2019"]
[Site "Buenos Aires"]
[Date "2019.03.22"]
[Round "3.9"]
[White "Rodriguez, Jorge Luis"]
[Black "Rodriguez, Luis Jose Lucio"]
[Result "1-0"]
[WhiteElo "2385"]
[BlackElo "2116"]
[Annotator "TA"]
[PlyCount "89"]
[EventDate "2019.03.20"]
[EventType "swiss"]
[EventCountry "ARG"]
[SourceTitle "playchess.com"]
[Source "ChessBase"]
[SourceQuality "1"]

{[%evp 10,89,38,47,90,73,80,67,78,52,76,51,70,58,50,29,58,60,51,35,90,97,127,100,115,96,125,104,105,83,98,84,91,72,103,106,128,134,122,119,135,135,154,47,52,43,119,94,145,150,148,105,193,108,176,148,210,166,200,196,209,206,195,199,237,219,242,239,316,314,406,371,646,639,776,766,831,820,819,799,848,738]} 1. e4 d5 2. exd5 Qxd5 3. Nc3 Qd8 4. d4 c6 5. Bc4 Nf6 6. Nf3 e6 {B01: Scandinavian Defence} (6... b5 7. Bb3 e6 8. a4 b4 9. Ne2 Be7 10. a5 O-O 11. O-O Nbd7 12. Nf4 Ba6 13. Re1 c5 14. Ba2 {½-½ (75) Jones,G (2682)-Usmanov,V (2450) St Petersburg 2018}) 7. O-O Be7 8. Qe2 O-O {White is slightly better.} 9. Bg5 a5 10. a4 Na6 11. Rad1 Nb4 12. Bc1 Nbd5 13. Ne4 $146 ({Predecessor:} 13. Ne5 Qe8 14. Rd3 {1-0 (56) Klovans,J (2420)-Franck,R (2195) Arco 2001}) 13... Qc7 14. c3 Nf4 (14... b6 $14) 15. Nxf6+ $16 gxf6 16. Qe3 Bd6 17. g3 Ng6 18. Bd3 Kh8 19. Rfe1 Rg8 20. Qh6 Rg7 21. Kf1 Bd7 22. Qh5 Rb8 23. Bh6 Rgg8 24. Re4 {And now Rh4! would win.} Bf8 25. Bf4 Bd6 {[%cal Rd6f4]} 26. Bxd6 (26. Bd2 $16) 26... Qxd6 $14 27. Qxa5 $40 {[%mdl 128] White mounts an attack.} Ra8 (27... b5 $1 $14) 28. Qc5 $16 Qc7 (28... Qd5 $142) 29. Bc2 Ra5 30. Qc4 Rga8 (30... b5 $16 31. axb5 Qb7) 31. Nh4 ({White should play} 31. b4 $18 R5a7 32. Qd3) 31... Kg7 (31... b5 $16 32. axb5 Kg8) 32. b4 Rd5 (32... Rh5 $16 {was necessary.}) 33. Ng2 f5 34. Ree1 b5 35. axb5 Rxb5 36. Ra1 Qb7 37. Kg1 Rg8 38. Qe2 Kh8 39. Bd3 Rd5 40. Bc4 f4 $2 {[#]} (40... Rd6 41. Nf4 Qc7) 41. Bxd5 $18 {White is clearly winning.} fxg3 42. Bf3 gxf2+ 43. Kxf2 Qc7 44. Kg1 e5 45. Kh1 {Accuracy: White = 54%, Black = 38%.} 1-0

[Event "Legislatura Portena Open 2019"]
[Site "Buenos Aires"]
[Date "2019.03.22"]
[Round "3.10"]
[White "Mendez, Pablo"]
[Black "Pierrot, Facundo"]
[Result "0-1"]
[WhiteElo "2101"]
[BlackElo "2383"]
[Annotator "TA"]
[PlyCount "110"]
[EventDate "2019.03.20"]
[EventType "swiss"]
[EventCountry "ARG"]
[SourceTitle "playchess.com"]
[Source "ChessBase"]
[SourceQuality "1"]

{[%evp 13,110,32,34,25,25,27,44,34,24,20,58,18,23,8,18,9,65,33,39,36,110,112,113,121,114,99,106,90,93,87,127,127,202,61,94,33,43,17,17,-58,-30,-41,35,22,48,25,30,9,31,5,6,0,19,0,12,-34,-37,-121,-137,-127,-121,-135,-75,-80,-29,-96,-67,-137,0,0,0,-76,0,0,0,-346,-326,-29982,-29983,-29982,-29983,-29982,-29974,-29983,-29975,-29983,-29984,-29984,-29982,-29985,-29986,-29984,-29985,-29992,-29993,-29996,-29992,-29996,-29989]} 1. e4 d6 2. d4 Nf6 3. Nc3 g6 4. Nf3 Bg7 5. Be2 O-O 6. O-O c5 7. d5 e6 8. Bf4 {Threatens to win with dxe6. A43: Schmid Benoni} exd5 9. exd5 Bg4 10. h3 {White is slightly better.} Bxf3 $1 11. Bxf3 ({Much worse is} 11. gxf3 Nh5 $17) 11... Ne8 12. Qd2 Nd7 13. Rfe1 $146 ({Predecessor:} 13. Be2 f5 14. Be3 a6 15. a4 Qb6 {1-0 (134) Nisipeanu,L (2665)-Valeanu,E (2456) Mamaia 2013}) 13... Ne5 14. Be2 a6 (14... f5 $11) 15. a4 $36 {[%mdl 2048] White is more active.} b6 16. Ne4 Nc7 (16... Nf6 $14 17. Nc3 Nfd7) 17. Bg5 $16 f6 18. Bh4 $1 Kh8 19. f4 Nf7 20. c3 Nh6 21. Bf3 Nf5 22. Bf2 Ne7 (22... Rb8 $16 23. a5 bxa5) 23. Ng3 (23. a5 $18) 23... Qd7 24. Re2 (24. a5 $16 bxa5 25. Rxa5) 24... f5 $14 25. Rae1 Ng8 26. Re6 ({White should try} 26. Qc2 $11) 26... Rad8 27. a5 b5 (27... Qb5 $15) 28. R6e2 Rde8 29. Rxe8 Rxe8 30. Rxe8 Qxe8 (30... Nxe8 {looks sharper.} 31. b4 Bf8 32. c4 bxc4 33. bxc5 dxc5 34. Be2 Ngf6) 31. b3 Nf6 {[%cal Bg8f6,Bf6d5,Bd5c3][%mdl 32]} 32. c4 b4 33. Qe3 Qd8 34. Qe1 Nce8 35. Qa1 {[#]} (35. Nf1 $15) 35... Nxd5 $1 $17 {[%mdl 512]} 36. Qc1 (36. cxd5 Bxa1) 36... Nc3 37. Qe3 Nf6 ({Better is} 37... Bf6 38. Ne2 Ng7) 38. Qe6 h5 (38... Qd7 $17 39. Qxd7 Nxd7) 39. Ne2 (39. Nf1 $11) 39... Nce4 40. Bh4 (40. Bxe4 $1 $15 fxe4 41. Ng3) 40... Qg8 ({Of course not} 40... Qxa5 $6 41. Bxe4 Qa1+ 42. Kh2 $11) (40... Nd2 $17 41. Qf7 Qe8 42. Qxe8+ Nxe8) 41. Qe7 $11 d5 42. cxd5 (42. Bxf6 $1 $11 {keeps the balance.} Bxf6 43. Qb7) 42... Qxd5 (42... Nxd5 $17 43. Qa7 Ndc3 44. Qxa6 Qxb3 45. Nxc3 Qxc3 46. Bxe4 Qe3+ 47. Bf2 Qxe4) 43. Bxf6 $1 Bxf6 44. Qe8+ $2 {[%mdl 8192]} (44. Qf8+ $1 $11 {and White is okay.} Kh7 45. Bxe4 Bd4+ 46. Nxd4 Qxd4+ 47. Kh2 Qxe4 48. Qf7+ Kh8 49. Qf6+ Kh7 50. Qf7+ Kh6 51. Qf8+ {[%mdl 64] Double Attack} Kh7 52. Qf7+) 44... Kg7 $19 45. Ng3 $2 {[#]} (45. Kh2 $19 Qxb3 46. Bxe4 fxe4 47. Qc8) 45... Qd4+ $1 {Black mates.} 46. Kh2 Nxg3 47. Kxg3 h4+ 48. Kh2 Qxf4+ 49. Kh1 c4 50. Bd5 Be5 {[%csl Ge5][%cal Rf4h2]} 51. Qf7+ Kh6 {[%csl Ge5][%cal Rf4h2]} 52. Qf8+ Bg7 53. Qe7 c3 54. Qe2 Be5 {[%csl Ge5][%cal Rf4h2]} 55. Kg1 Qd4+ {Accuracy: White = 26%, Black = 34%.} 0-1